Normal view MARC view

Entry Corporate Name

Number of records used in: 1

001 - CONTROL NUMBER

  • control field: 348598

003 - CONTROL NUMBER IDENTIFIER

  • control field: OSt

005 - DATE AND TIME OF LATEST TRANSACTION

  • control field: 20220926044149.0

008 - FIXED-LENGTH DATA ELEMENTS

  • fixed length control field: 220926|| aca||aabn | a|a d

040 ## - CATALOGING SOURCE

  • Original cataloging agency: OSt
  • Transcribing agency: OSt

110 ## - HEADING--CORPORATE NAME

  • Corporate name or jurisdiction name as entry element: West Pakistan Water and Power Developemnt Authority

670 ## - SOURCE DATA FOUND

  • Source citation: Work cat.: (OSt)674114: West Pakistan Water and Power Developemnt Authority, Wapda miscellany 1965-66, 1966
Copyright @ Delhi University Library System